Statistics for Countries whose neighbours all end with A

Click here to take the quiz!

General Stats

  • This quiz has been taken 47 times
    (23 since last reset)
  • The average score is 13 of 17

Answer Stats

Country % Correct
Panama
95%
Lesotho
95%
South Korea
90%
Costa Rica
90%
North Korea
86%
Brunei
86%
Papua New Guinea
86%
Nepal
86%
Mongolia
86%
East Timor
86%
Tunisia
76%
Bhutan
76%
Estonia
67%
Djibouti
67%
Namibia
62%
Qatar
48%
Sierra Leone
48%

Score Distribution

Percentile by Number Answered

Percent of People with Each Score

Your Score History

You have not taken this quiz since the last reset